header

Howard Barker interviews, 1980-2010 (Record no. 115825)

MARC details
000 -LEADER
fixed length control field 01164nam a2200301 a 4500
245 00 - TITLE STATEMENT
Title Howard Barker interviews, 1980-2010
260 ## - PUBLICATION, DISTRIBUTION, ETC. (IMPRINT)
Place of publication Bristol [England] ;
-- Chicago :
Name of publisher Intellect,
Year of publication 2011.
300 ## - PHYSICAL DESCRIPTION
Number of Pages 214 p.
650 #0 - SUBJECT ADDED ENTRY--TOPICAL TERM
Topical Term Theater.
700 1# - ADDED ENTRY--PERSONAL NAME
Personal name Barker, Howard.
Personal name Brown, Mark.
856 40 - ELECTRONIC LOCATION AND ACCESS
Uniform Resource Identifier http://site.ebrary.com/lib/rucke/Doc?id=10476294

No items available.

© 2026 Rongo University
Contact us: librarian | system librarian | Rongo university